| 000 | 01142cam a22001814a 4500 | ||
|---|---|---|---|
| 005 | 20250605163350.0 | ||
| 008 | 250528s ||||||||||||||||||||||||d | ||
| 035 | _a17674 | ||
| 020 | _a9786185112059 | ||
| 040 |
_aGR-AtMCL _bgre _dGR-AtMCL _eAACR2 |
||
| 245 | 1 | _aΨηφιακή φωτογραφία & υπολογιστής / Μεταφορά και Αποθήκευση και Ταξινόμηση, Ο Ρόλος του Υπολογιστή, Η λύση του Κινητού Τηλεφώνου, Τα εργαλεία στα Windows και στο Mac OS | |
| 260 |
_bDigerati, _c2014 |
||
| 300 | _a98 | ||
| 520 | _aΌλοι οι τρόποι σύνδεσης της ψηφιακής μηχανής αλλά και των φορητών συσκευών με τα Windows και το Mac OS. Κάμερα και Υπολογιστής, Διακίνηση & Οργάνωση Φωτογραφιών, Διαχείριση Φωτογραφιών με Apps, Προγράμματα Διαχείρισης Φωτογραφίας, Προκλήσεις και Λύσεις, Εκτύπωση. | ||
| 942 | _cBK | ||
| 999 |
_c3076 _d3076 |
||